| Tag |
First Indicator |
Second Indicator |
Subfields |
| LEADER |
00000cam a2200000Ia 4500 |
| 001 |
in00002565721 |
| 005 |
20151201154228.0 |
| 007 |
hd bfv---baap |
| 007 |
he amv---bacp |
| 008 |
980427s1981 xx a b 000 0 eng d |
| 035 |
|
|
|a (OCoLC)ocm39022099
|
| 037 |
|
|
|a CL0021000023
|b UMI, 300 N. Zeeb Rd., Ann Arbor, MI 48016-1346
|
| 040 |
|
|
|a OPP
|c OPP
|d UtOrBLW
|
| 049 |
|
|
|a OPPA
|
| 090 |
|
|
|a PZ5
|b .O67 1990 no.023:080.
|
| 245 |
0 |
0 |
|a [Clock face, for teaching children to tell time].
|
| 264 |
|
1 |
|a [Place of publication not identified] :
|b [publisher not identified],
|c [1981?]
|
| 300 |
|
|
|a 1 picture of clock face.
|
| 336 |
|
|
|a text
|b txt
|2 rdacontent
|
| 337 |
|
|
|a microform
|b h
|2 rdamedia
|
| 338 |
|
|
|a microfiche
|b he
|2 rdacarrier
|
| 500 |
|
|
|a Microform reproduction of picture of clock, with days of the week and dates of the month.
|
| 500 |
|
|
|a Date of publication suggested by the Bodleian Library.
|
| 500 |
|
|
|a Reproduction of original in the Bodleian Library.
|
| 510 |
4 |
|
|a Opie
|c BB 2
|
| 533 |
|
|
|a Microfiche.
|b Ann Arbor, Mich. :
|c UMI,
|d 1997.
|e 1 microfiche ; 11 x 15 cm.
|f (Opie collection of children's literature ; 023:080).
|7 s1997 miun b
|
| 500 |
|
|
|a Microform.
|
| 650 |
|
0 |
|a Time
|x Study and teaching.
|
| 650 |
|
0 |
|a Clocks and watches.
|
| 650 |
|
0 |
|a Calendars
|x Study and teaching.
|
| 830 |
|
0 |
|a Opie collection of children's literature ;
|v 023:080.
|
| 999 |
|
|
|a MARS
|
| 999 |
f |
f |
|s 7757e937-aa71-301a-923d-1aeb06023068
|i c4174d82-d9d4-310e-9179-fe287482ce98
|t 0
|
| 952 |
f |
f |
|a Texas A&M University
|b College Station
|c Sterling C. Evans Library
|d Evans: Microforms Fiche (3rd floor)
|t 0
|e PZ5 .O67 1990 no.023:080.
|h Library of Congress classification
|
| 998 |
f |
f |
|a PZ5 .O67 1990 no.023:080.
|t 0
|l Evans: Microforms Fiche (3rd floor)
|